Hindi anuvāda: (Record no. 89292)

MARC details
000 -LEADER
fixed length control field 00608cam a22002291 4500
001 - CONTROL NUMBER
control field sa 68020201
003 - CONTROL NUMBER IDENTIFIER
control field DLC
005 - DATE AND TIME OF LATEST TRANSACTION
control field 20260227112722.0
008 - FIXED-LENGTH DATA ELEMENTS--GENERAL INFORMATION
fixed length control field 890703s1966 ii 000 0 hino
010 ## - LIBRARY OF CONGRESS CONTROL NUMBER
LC control number sa 68020201
035 ## - SYSTEM CONTROL NUMBER
System control number (OCoLC)19959339
040 ## - CATALOGING SOURCE
Original cataloging agency DLC
Transcribing agency WaU
Modifying agency DLC
041 0# - LANGUAGE CODE
Language code of text/sound track or separate title hineng
042 ## - AUTHENTICATION CODE
Authentication code premarc
050 00 - LIBRARY OF CONGRESS CALL NUMBER
Classification number PE1498
Item number .P67
100 1# - MAIN ENTRY--PERSONAL NAME
Personal name Prasāda, Vāsudeva Nandana,
Dates associated with a name 1925-
245 10 - TITLE STATEMENT
Title Hindi anuvāda:
Remainder of title siddhānta aura prayaga.
260 ## - PUBLICATION, DISTRIBUTION, ETC.
Date of publication, distribution, etc. [1966]
300 ## - PHYSICAL DESCRIPTION
Extent ii, 2, 87 p.
Dimensions 19 cm.
500 ## - GENERAL NOTE
General note Hindi and English.
650 #0 - SUBJECT ADDED ENTRY--TOPICAL TERM
Topical term or geographic name entry element English language
General subdivision Translating into Hindi.

No items available.

Powered by Koha